|
|
|
|
| LEADER |
01014nab#a2200337#ar4500 |
| 001 |
000082829 |
| 003 |
SVKKK |
| 005 |
20070221135658.0 |
| 008 |
070221c2006 xo e slo |
| FMT |
|
|
|
| 038 |
|
|
|a SVKKK
|
| 040 |
|
|
|a SVKKK
|b slo
|e AACR2
|
| 041 |
0 |
|
|a slo
|
| 044 |
|
|
|a xo
|c SK
|
| 080 |
|
|
|a 281.94:291.37
|2 1997
|
| 080 |
|
|
|a 291.37
|2 1997
|
| 100 |
1 |
|
|a Mojžiš, Milan
|4 aut
|
| 245 |
1 |
0 |
|a Odpustová slávnosť v Rakovci nad Ondavou
|c Milan Mojžiš
|
| 610 |
2 |
4 |
|a Gréckokatolícka cirkev (Rakovec nad Ondavou, Slovensko)
|
| 611 |
2 |
4 |
|a Presvätá Bohorodička Ochrankyňa
|x odpustová slávnosť
|c (Rakovec nad Ondavou, Slovensko)
|y október 2006
|
| 650 |
0 |
4 |
|a odpustová slávnosť
|x bohoslužba
|z Rakovec nad Ondavou (Slovensko)
|y október 2006
|
| 773 |
0 |
|
|t Slovo časopis gréckokatolíckej cirkvi
|x 1335-7492
|g Roč. 38, č. 22(29.10.2006), s. 5-6
|
| 957 |
|
|
|a 807
|
| 974 |
|
|
|a MI
|
| 992 |
|
|
|a RBX
|
| BAS |
|
|
|
| BAS |
|
|
|
| 852 |
|
|
|a SVKKK
|b BIB
|
| EXP |
|
|
|
| 998 |
|
|
|a REG
|
| 998 |
|
|
|a REG
|